Find the Footballers (Captains) - Statistics

General Stats
  • This quiz has been taken 27 times
  • The average score is 7 of 10
Answer Stats
Club Captain % Correct
Liverpool Henderson
81%
Bayern Munich Manuel Neuer
81%
Manchester United Maguire
77%
Chelsea Cesar Azpilicueta
73%
Juventus Giorgio Chiellini
73%
Barcelona Sergio Busquets
73%
PSG Marquinhos
69%
Real Madrid Marcelo
50%
Arsenal Alexandre Lacazette
46%
Ajax Amsterdam Dušan Tadić
46%
No matching quizzes found
Score Distribution
Percent of People with Each Score
Percentile by Number Answered
Your Score History
You have not taken this quiz